Euskadi (Record no. 136420)

MARC details
000 -LEADER
campo de control de longitud fija 00630nam a2200217 4500
001 - NÚMERO DE CONTROL
campo de control 136420
003 - IDENTIFICADOR DE NÚMERO DE CONTROL
campo de control ES-MaACL
005 - FECHA Y HORA DE LA ÚLTIMA TRANSACCIÓN
campo de control 20250804043000.0
007 - CAMPO FIJO DE DESCRIPCIÓN FÍSICA--INFORMACIÓN GENERAL
campo de control de longitud fija t|
008 - DATOS DE LONGITUD FIJA--INFORMACIÓN GENERAL
campo de control de longitud fija 070214s1987 sp r ||||1| spa d
020 ## - NÚMERO INTERNACIONAL ESTÁNDAR DEL LIBRO
Número Internacional Estándar del Libro 84-7683-031-9
100 1# - ENTRADA PRINCIPAL--NOMBRE DE PERSONA
Nombre de persona Sádaba, Javier.
9 (RLIN) 101274
245 10 - MENCIÓN DEL TÍTULO
Título Euskadi
Resto del título : pensar el conflicto /
Mención de responsabilidad, etc. Javier Sádaba, Fernando Savater.
260 ## - PUBLICACIÓN, DISTRIBUCIÓN, ETC.
Lugar de publicación, distribución, etc. Madrid :
Nombre del editor, distribuidor, etc. Ed. Libertarias,
Fecha de publicación, distribución, etc. 1987.
300 ## - DESCRIPCIÓN FÍSICA
Extensión 115 p. ;
Dimensiones 20 cm.
490 1# - MENCIÓN DE SERIE
Mención de serie Ensayo ;
Designación de volumen o secuencia 19
700 1# - ENTRADA AGREGADA--NOMBRE PERSONAL
Nombre de persona Savater, Fernando,
Fechas asociadas al nombre 1947-
9 (RLIN) 104053
830 0# - PUNTO DE ACCESO ADICIONAL DE SERIE-TÍTULO UNIFORME
Título uniforme Ensayo ;
Designación de volumen o secuencia 19
9 (RLIN) 177699
852 ## - LOCALIZACIÓN
Ubicación ES-MaACL
Número de control de estantería D-1183
Sublocalización o colección R.114299
Holdings
Estatus retirado Estado de pérdida Estado de daño No para préstamo Biblioteca de origen Biblioteca actual Ubicación en estantería Fecha de adquisición Fuente de adquisición Total de préstamos Signatura topográfica completa Código de barras Visto por última vez Precio de reemplazo Tipo de ítem Koha
        Biblioteca del Ateneo de Madrid Biblioteca del Ateneo de Madrid Sala Valle Inclán 17/01/2008     D-1183 901141979 23/02/2023 23/02/2023 Libro impreso